| 000 | 00845cam a22002893a 4500 | ||
|---|---|---|---|
| 001 | 2562 | ||
| 003 | PGUSA | ||
| 005 | 20140828083016.0 | ||
| 008 | 010301s2001||||xxu|||||s|||||000 | eng d | ||
| 040 |
_aPGUSA _beng |
||
| 042 | _adc | ||
| 050 | 4 | _aPA | |
| 100 | 1 |
_aAristophanes, _d-450--388 |
|
| 245 | 1 | 4 |
_aThe Clouds _h[electronic resource] / _cAristophanes |
| 260 |
_bProject Gutenberg, _c2001 |
||
| 506 | _aPublic domain in the USA. | ||
| 516 | _aElectronic text | ||
| 653 | _aComedies | ||
| 653 | _aGreek drama (Comedy) -- Translations into English | ||
| 653 | _aRhetoric -- Study and teaching -- Drama | ||
| 653 | _aClassical literature | ||
| 653 | _aAristophanes -- Translations into English | ||
| 700 | 1 | _aHickie, W. J. | |
| 830 | 0 |
_aProject Gutenberg _v2562 |
|
| 856 | 4 | 0 | _uhttp://www.gutenberg.org/ebooks/2562 |
| 942 | _cEB | ||
| 999 |
_c231899 _d231899 |
||